000 00964nam a22002777a 4500
005 20130422121702.0
008 130422b xxu||||| |||| 00| 0 eng d
010 _aENG-106952
020 _a9788177082708
_c1270.00
035 _aEN-90485
037 _bDBAD/PUB
040 _aDPL
_bENG
082 _a363.700954
100 1 _aGanesamurthy, V.S.
245 1 0 _aEnvironmental status and policy in India /
_cby V.S. Ganesamurthy
260 _aNew Delhi
_bNew Century Publications
_c2011
270 _a4800/24, Bharat Ram Road, Ansari Road, Darya Ganj
_bNew Delhi
_e2011
300 _axxxiv, 279p.
_c25cm(Hb)
500 _aIncludes bibliographical references and index.
650 0 _aEnvironmental degradation
_zIndia.
650 0 _aEnvironmental protection
_zIndia.
650 0 _aEnvironmental policy
_zIndia.
650 0 _aEnvironmental law
_zIndia.
651 0 _aIndia
_xEnvironmental conditions.
942 _2ddc
_cEN
_h363.700954
_mGAN
999 _c74770
_d74770